| 000 | 01019cam a2200313 4500 | ||
|---|---|---|---|
| 008 | 090401t1991 xxu||||| |||| 00| 0 eng d | ||
| 020 | _a0854064885 | ||
| 035 | _a(Sirsi) u52687 | ||
| 041 | _aeng | ||
| 050 | _a368.56 | ||
| 090 | _aRICS 1991/8ABCD | ||
| 110 |
_aRoyal Institution of Chartered Surveyors _94900 |
||
| 245 | _aIntroductory guidance to insurance under JCT contracts | ||
| 250 | _aEnglish ed. | ||
| 260 |
_aLondon _bRICS Books _c1991 |
||
| 300 | _aiv,14p. ; 30cm. | ||
| 350 | _a9.95 | ||
| 520 | _aSUPERSEDED: Replaced by 2nd edition (RICS 1995/44). | ||
| 650 | _aBUILT ENVIRONMENT-BUILDING CONTRACT FORMS | ||
| 650 | _aGUIDANCE NOTES | ||
| 650 | _aJCT STANDARD FORM OF BUILDING CONTRACT (1980 EDITION) | ||
| 650 | _aJCT IFC 84 | ||
| 650 | _aJCT INTERMEDIATE FORM OF BUILDING CONTRACT (1984 EDITION) | ||
| 650 | _aJCT MINOR WORKS AGREEMENT (1980 EDITION) | ||
| 650 | _aJCT STANDARD FORM OF CONTRACT 1980 | ||
| 650 | _aJOINT CONTRACTS TRIBUNAL | ||
| 942 | _n0 | ||
| 948 | _c04/03/1997 | ||
| 999 |
_c93145 _d93145 |
||